[Event "Madrid-ch Previa-A"]
[Site "Madrid"]
[Date "2020.02.19"]
[Round "9"]
[White "Vinas Lopez, Carlos"]
[Black "Garcia Gonzalez, Pedro A"]
[Result "1-0"]
[WhiteElo "1876"]
[BlackElo "1743"]
[PlyCount "67"]
[EventDate "2020.02.03"]
[EventType "swiss"]
[EventRounds "9"]
[EventCountry "ESP"]
[SourceTitle "EXT 2021"]
[Source "ChessBase"]
[SourceDate "2020.10.23"]
[SourceVersion "1"]
[SourceVersionDate "2020.10.23"]
[SourceQuality "1"]

1. b3 e5 2. Bb2 Nc6 3. e3 d5 4. Bb5 Bd6 5. f4 Qh4+ 6. g3 Qe7 7. Nf3 f6 8. Nc3 Be6 9. 0-0 exf4 10. exf4 Qf7 11. Qe2 Nge7 12. Rfe1 Bd7 13. d4 0-0 14. Qf2 a6 15. Bf1 Kh8 16. Na4 b6 17. c4 Bb4 18. Nc3 Rfe8 19. a3 Bxc3 20. Bxc3 Na5 21. Nd2 Nac6 22. Bg2 Rad8 23. c5 Bf5 24. b4 Qg6 25. Re3 h5 26. Rae1 Qf7 27. Qe2 g6 28. cxb6 cxb6 29. Qxa6 Ra8 30. Qxb6 Rxa3 31. b5 Rc8 32. bxc6 Rxc6 33. Qb4 Raxc3 34. Rxc3 1-0

[Event "Madrid-ch Previa-A"]
[Site "Madrid"]
[Date "2018.02.14"]
[Round "6"]
[White "Garcia Gonzalez, Pedro A"]
[Black "De Dompablo Fantova, Juan"]
[Result "0-1"]
[WhiteElo "1821"]
[BlackElo "1688"]
[PlyCount "76"]
[EventDate "2018.02.05"]
[EventType "swiss"]
[EventRounds "9"]
[EventCountry "ESP"]
[SourceTitle "EXT 2020"]
[Source "ChessBase"]
[SourceDate "2019.10.17"]
[SourceVersion "1"]
[SourceVersionDate "2019.10.17"]
[SourceQuality "1"]

1. Nf3 Nf6 2. d4 g6 3. Nbd2 Bg7 4. e4 d6 5. Bd3 0-0 6. 0-0 c5 7. c3 cxd4 8. cxd4 Nc6 9. h3 Nh5 10. Nb3 Nb4 11. Bb1 a5 12. a3 Nc6 13. Be3 a4 14. Nbd2 b5 15. Bd3 Ba6 16. Qe2 Qb8 17. Rfc1 Rc8 18. Rc2 e5 19. d5 Nd4 20. Rxc8+ Qxc8 21. Bxd4 exd4 22. Bxb5 Nf4 23. Qc4 Bxb5 24. Qxb5 Qc2 25. Qd7 Ne2+ 26. Kh2 Bh6 27. Qc6 Qxc6 28. dxc6 Rc8 29. b4 Rxc6 30. Ra2 Nc3 31. Rb2 Nb5 32. Ra2 Rc3 33. Nb1 Rb3 34. Nfd2 Bxd2 35. Nxd2 Rxa3 36. Rb2 Rc3 37. Ra2 a3 38. Nb1 Rb3 0-1

[Event "Madrid-ch Previa-A"]
[Site "Madrid"]
[Date "2018.02.13"]
[Round "5"]
[White "Marivela Santos, Juan Carlos"]
[Black "Garcia Gonzalez, Pedro A"]
[Result "1-0"]
[WhiteElo "1686"]
[BlackElo "1821"]
[PlyCount "62"]
[EventDate "2018.02.05"]
[EventType "swiss"]
[EventRounds "9"]
[EventCountry "ESP"]
[SourceTitle "EXT 2020"]
[Source "ChessBase"]
[SourceDate "2019.10.17"]
[SourceVersion "1"]
[SourceVersionDate "2019.10.17"]
[SourceQuality "1"]

1. c4 Nf6 2. Nc3 b6 3. e4 Bb7 4. e5 Ne4 5. Nxe4 Bxe4 6. d4 e6 7. Nf3 d5 8. a3 Be7 9. Bd3 Bxd3 10. Qxd3 0-0 11. Be3 c5 12. Rd1 dxc4 13. Qxc4 Qc8 14. dxc5 bxc5 15. 0-0 Nd7 16. Rc1 Qc7 17. Qc3 a5 18. a4 Rfc8 19. b3 Rab8 20. Rfd1 Rb4 21. Bd2 Rcb8 22. Rb1 c4 23. Qc2 Rxb3 24. Rxb3 Rxb3 25. Bxa5 Qxa5 26. Rxd7 Qb4 27. h3 Kf8 28. Rd4 Qxa4 29. Rxc4 Qa1+ 30. Kh2 Rxf3 31. Rc8+ Bd8 1-0

[Event "Madrid-ch Previa-A"]
[Site "Madrid"]
[Date "2018.02.05"]
[Round "1"]
[White "Dominguez Afonso, Ayraldo"]
[Black "Garcia Gonzalez, Pedro A"]
[Result "0-1"]
[WhiteElo "1561"]
[BlackElo "1821"]
[PlyCount "92"]
[EventDate "2018.02.05"]
[EventType "swiss"]
[EventRounds "9"]
[EventCountry "ESP"]
[SourceTitle "EXT 2020"]
[Source "ChessBase"]
[SourceDate "2019.10.17"]
[SourceVersion "1"]
[SourceVersionDate "2019.10.17"]
[SourceQuality "1"]

1. e4 e5 2. Nf3 Nc6 3. Bb5 a6 4. Ba4 Nf6 5. 0-0 Be7 6. Re1 b5 7. Bb3 0-0 8. c3 d5 9. exd5 Nxd5 10. Nxe5 Nxe5 11. Rxe5 c6 12. d4 Bd6 13. Re1 Qh4 14. g3 Qh3 15. Qf3 Bg4 16. Qg2 Qh5 17. Be3 Rae8 18. Nd2 Re6 19. Bxd5 cxd5 20. f3 Bh3 21. Qf2 Rg6 22. Nf1 f5 23. f4 Rgf6 24. Nd2 Bg4 25. Rac1 h6 26. b3 Qf7 27. c4 bxc4 28. bxc4 dxc4 29. Nxc4 Bb4 30. Rf1 Bh3 31. Rfd1 Qd5 32. Ne5 Ba3 33. Rc3 Bb4 34. Rc4 a5 35. Bd2 Rb6 36. Bxb4 Rxb4 37. Rxb4 axb4 38. Qd2 Ra8 39. Ra1 b3 40. a3 Qe4 41. Nc4 Rd8 42. Re1 Qxd4+ 43. Qxd4 Rxd4 44. Rc1 Bg4 45. Na5 b2 46. Rb1 Rd1+ 0-1

[Event "Madrid-ch Seniors"]
[Site "Madrid"]
[Date "2011.02.16"]
[Round "8"]
[White "Ortega Morales, Pedro"]
[Black "Garcia Gonzalez, Pedro A"]
[Result "1/2-1/2"]
[WhiteElo "1819"]
[BlackElo "1879"]
[PlyCount "40"]
[EventDate "2011.02.07"]
[EventType "swiss"]
[EventRounds "9"]
[EventCountry "ESP"]
[SourceTitle "CBM 140 Extra"]
[Source "ChessBase"]
[SourceDate "2011.03.01"]
[SourceVersion "1"]
[SourceVersionDate "2011.03.01"]
[SourceQuality "1"]

1. d4 d5 2. Bf4 Nf6 3. e3 e6 4. Nf3 Be7 5. Ne5 a6 6. Bd3 c5 7. c3 b5 8. Nd2 Bb7 9. a3 Nbd7 10. Qf3 0-0 11. h4 Nxe5 12. dxe5 Nd7 13. Bxh7+ Kxh7 14. Qh5+ Kg8 15. Nf3 f6 16. Ng5 fxg5 17. hxg5 Bxg5 18. Bxg5 Qe8 19. Qh7+ Kf7 20. Qh5+ Kg8 1/2-1/2

[Event "Madrid-ch Previa-A"]
[Site "Madrid"]
[Date "2009.11.11"]
[Round "5"]
[White "Lopez Heras, Arturo"]
[Black "Garcia Gonzalez, Pedro A"]
[Result "1/2-1/2"]
[WhiteElo "1979"]
[BlackElo "1911"]
[PlyCount "103"]
[EventDate "2009.11.02"]
[EventType "swiss"]
[EventRounds "9"]
[EventCountry "ESP"]
[SourceTitle "EXT 2010"]
[Source "ChessBase"]
[SourceDate "2010.11.25"]
[SourceVersion "1"]
[SourceVersionDate "2010.11.25"]
[SourceQuality "1"]

1. e4 e5 2. Nf3 Nc6 3. Bc4 Nf6 4. d3 Be7 5. c3 0-0 6. 0-0 d6 7. h3 Na5 8. Nbd2 Nxc4 9. Nxc4 Re8 10. Bg5 c6 11. Re1 Be6 12. Ne3 h6 13. Bh4 Qc7 14. Qc2 Nh5 15. d4 Rad8 16. Bxe7 Rxe7 17. Nh4 g6 18. Qe2 Nf4 19. Qf3 Ree8 20. Rad1 Qe7 21. Qg3 Kh7 22. Nf3 Nh5 23. Qh2 f6 24. d5 Bc8 25. g4 Nf4 26. Ng2 Nxg2 27. Qxg2 f5 28. g5 h5 29. h4 Rf8 30. Nh2 fxe4 31. Rxe4 cxd5 32. Ra4 a6 33. Qxd5 Be6 34. Qg2 Qf7 35. Rb4 b5 36. a4 Bb3 37. Ra1 bxa4 38. f4 exf4 39. Rf1 Qa7+ 40. Rf2 Qe3 41. Nf1 f3 42. Nxe3 fxg2 43. Kxg2 Rxf2+ 44. Kxf2 Rf8+ 45. Kg3 Re8 46. Kf3 Rf8+ 47. Ke4 Rf2 48. Rb7+ Kg8 49. Rb8+ Kf7 50. Rb7+ Kg8 51. Rb8+ Kf7 52. Rb7+ 1/2-1/2

[Event "Madrid-ch sf-A"]
[Site "Madrid"]
[Date "2009.01.27"]
[Round "8"]
[White "Garcia Gonzalez, Pedro A"]
[Black "Ruiz Quevedo, Andres"]
[Result "0-1"]
[WhiteElo "1927"]
[BlackElo "1889"]
[PlyCount "174"]
[EventDate "2009.01.12"]
[EventType "swiss"]
[EventRounds "9"]
[EventCountry "ESP"]
[SourceTitle "CBM 128 Extra"]
[Source "ChessBase"]
[SourceDate "2009.03.05"]
[SourceVersion "2"]
[SourceVersionDate "2009.03.25"]
[SourceQuality "1"]

1. d4 Nf6 2. Nf3 e6 3. e3 c5 4. Bd3 b6 5. b3 Bb7 6. Nbd2 Be7 7. Bb2 0-0 8. 0-0 Nc6 9. a3 Rc8 10. Qe2 cxd4 11. exd4 Nd5 12. g3 Nb8 13. c4 Nf6 14. Rfd1 d6 15. Rac1 Nbd7 16. Bb1 Re8 17. Ne4 Nxe4 18. Bxe4 Bxe4 19. Qxe4 Nf6 20. Qf4 d5 21. Ne5 Bd6 22. Qe3 Qe7 23. b4 dxc4 24. Nxc4 Nd5 25. Qe4 Qd7 26. Ne3 Nf6 27. Qd3 Rxc1 28. Rxc1 Be7 29. Qa6 h6 30. Rc2 Bf8 31. Rc1 Rb8 32. Rc2 Rb7 33. Qc4 b5 34. Qc8 Qxc8 35. Rxc8 Rd7 36. f3 Rd6 37. Kf2 Nd5 38. Nxd5 Rxd5 39. Rc7 a6 40. Rc6 Rd6 41. Rc7 Rb6 42. Bc3 Bd6 43. Rc8+ Kh7 44. Ke3 Rb7 45. Ra8 Rc7 46. Kd3 Rc6 47. Ra7 Kg6 48. f4 h5 49. Rb7 Bc7 50. Ra7 Bd8 51. Rb7 Rc7 52. Rb8 Bf6 53. Rb6 Ra7 54. Rc6 Kf5 55. h3 h4 56. Rc5+ Kg6 57. g4 Bd8 58. Rc6 Bc7 59. f5+ Kg5 60. fxe6 fxe6 61. Rxe6 Kf4 62. d5 Kg3 63. Re3+ Kg2 64. Ke4 Bg3 65. Be5 Kxh3 66. d6 Kxg4 67. Kd5 Bxe5 68. Kxe5 h3 69. Ke6 h2 70. Re1 g5 71. d7 Rxd7 72. Kxd7 Kf3 73. Kc6 g4 74. Kb6 g3 75. Kxa6 g2 76. Kxb5 g1Q 77. Rxg1 hxg1Q 78. a4 Qg5+ 79. Kb6 Qf6+ 80. Kc5 Qe7+ 81. Kb5 Qb7+ 82. Kc5 Qa7+ 83. Kb5 Ke4 84. a5 Kd5 85. a6 Kd6 86. Ka5 Kc7 87. Kb5 Qb6+ 0-1

[Event "Madrid-ch sf-A"]
[Site "Madrid"]
[Date "2009.01.21"]
[Round "6"]
[White "Garcia Gonzalez, Pedro A"]
[Black "Cano Mercado, Francisco Manuel"]
[Result "1-0"]
[WhiteElo "1927"]
[BlackElo "1907"]
[PlyCount "95"]
[EventDate "2009.01.12"]
[EventType "swiss"]
[EventRounds "9"]
[EventCountry "ESP"]
[SourceTitle "CBM 128 Extra"]
[Source "ChessBase"]
[SourceDate "2009.03.05"]
[SourceVersion "2"]
[SourceVersionDate "2009.03.25"]
[SourceQuality "1"]

1. d4 d5 2. Nf3 Nf6 3. e3 g6 4. Bd3 Bg7 5. 0-0 0-0 6. b3 b6 7. Qe2 Bb7 8. Bb2 Nbd7 9. Nbd2 e6 10. Rad1 Re8 11. Ne5 c5 12. Ndf3 Qc7 13. h4 Nxe5 14. Nxe5 Ne4 15. Bxe4 dxe4 16. h5 Rac8 17. hxg6 hxg6 18. c4 Rcd8 19. f4 exf3 20. Nxf3 cxd4 21. exd4 Qg3 22. Ne5 Bxe5 23. dxe5 Rxd1 24. Rxd1 Kg7 25. Rd3 Qg5 26. Qd2 Qf5 27. Qe3 Rh8 28. Rd7 Bc6 29. Rd6 Be4 30. Rd4 Bb1 31. Rf4 Qh5 32. a3 Qh1+ 33. Kf2 Bf5 34. Rd4 Qb1 35. Qc1 Qa2 36. Qc3 Rh1 37. Kg3 Qb1 38. Qd2 Rh5 39. Qc1 Qa2 40. b4 Qb3+ 41. Qc3 Qa2 42. c5 Rg5+ 43. Kf3 Qb1 44. Bc1 bxc5 45. bxc5 Bc2 46. Bxg5 Qf1+ 47. Kg3 Qf5 48. Bf6+ 1-0

[Event "Madrid-ch sf-A"]
[Site "Madrid"]
[Date "2009.01.20"]
[Round "5"]
[White "Garcia Gonzalez, Pedro A"]
[Black "Perez Cameselle, Francisco Jose"]
[Result "1/2-1/2"]
[WhiteElo "1927"]
[BlackElo "1996"]
[PlyCount "129"]
[EventDate "2009.01.12"]
[EventType "swiss"]
[EventRounds "9"]
[EventCountry "ESP"]
[SourceTitle "CBM 128 Extra"]
[Source "ChessBase"]
[SourceDate "2009.03.05"]
[SourceVersion "2"]
[SourceVersionDate "2009.03.25"]
[SourceQuality "1"]

1. d4 Nf6 2. Nf3 g6 3. b3 Bg7 4. Bb2 0-0 5. e3 d6 6. Be2 Nbd7 7. 0-0 e5 8. dxe5 Ng4 9. Nbd2 Ndxe5 10. Qc1 Nxf3+ 11. Nxf3 Bxb2 12. Qxb2 Qf6 13. Qxf6 Nxf6 14. c4 a5 15. Rfd1 Ne4 16. Rac1 Kg7 17. Nd4 f5 18. g3 Bd7 19. Bf3 Rf6 20. Nb5 Bxb5 21. cxb5 Nc5 22. Rxc5 dxc5 23. Bxb7 Ra7 24. Bc6 a4 25. bxa4 c4 26. Rd2 c3 27. Rc2 Rxa4 28. Rxc3 Rxa2 29. Bb7 Rf7 30. Bd5 Ra1+ 31. Kg2 Re7 32. Rb3 Rd7 33. Bc6 Rd2 34. e4 fxe4 35. Bxe4 Kf6 36. Rf3+ Ke7 37. Bc6 Re1 38. h4 h6 39. Rf4 Re6 40. Rc4 Rf6 41. Bf3 Kd8 42. Rc3 Rf7 43. b6 cxb6 44. Rb3 Rf6 45. Kf1 Kc7 46. Ke1 Ra2 47. Rc3+ Kb8 48. Rb3 Ka7 49. Re3 Ka6 50. Be2+ Ka5 51. Re5+ Kb4 52. Re4+ Kc3 53. Rc4+ Kb3 54. Re4 Rc6 55. Re3+ Rc3 56. Bd1+ Kb4 57. Re6 Kc5 58. Rxg6 Rc1 59. Rg8 Kb4 60. f4 b5 61. Rd8 Rg2 62. Rd3 Kc4 63. Rd6 b4 64. Rc6+ Kd3 65. Rxc1 1/2-1/2

[Event "Madrid-ch sf-A"]
[Site "Madrid"]
[Date "2009.01.19"]
[Round "4"]
[White "Quintero Torres, Pedro"]
[Black "Garcia Gonzalez, Pedro A"]
[Result "1-0"]
[WhiteElo "2046"]
[BlackElo "1927"]
[PlyCount "155"]
[EventDate "2009.01.12"]
[EventType "swiss"]
[EventRounds "9"]
[EventCountry "ESP"]
[SourceTitle "CBM 128 Extra"]
[Source "ChessBase"]
[SourceDate "2009.03.05"]
[SourceVersion "2"]
[SourceVersionDate "2009.03.25"]
[SourceQuality "1"]

1. e4 e5 2. Nf3 Nc6 3. c3 d5 4. Bb5 a6 5. Bxc6+ bxc6 6. Qa4 dxe4 7. Qxc6+ Bd7 8. Qxe4 Nf6 9. Qxe5+ Be7 10. 0-0 0-0 11. d4 Bd6 12. Qg5 h6 13. Qh4 Re8 14. Ne5 Bxe5 15. dxe5 Rxe5 16. f3 Qe7 17. Nd2 Re8 18. Ne4 Nxe4 19. Qxe7 R8xe7 20. fxe4 Rxe4 21. Bd2 Re2 22. Rae1 Bb5 23. Rxe2 Rxe2 24. Rf2 Re6 25. b3 Kf8 26. c4 Bd7 27. Kf1 Ke8 28. Re2 Rxe2 29. Kxe2 Ke7 30. Ke3 h5 31. Bc3 g6 32. Kd4 Kd6 33. Bb4+ Kc6 34. Be7 Be6 35. b4 Bf5 36. a4 Be6 37. Bh4 Bf5 38. Bf2 Be6 39. Be1 Bf5 40. b5+ axb5 41. cxb5+ Kb6 42. Kc4 Be6+ 43. Kb4 Bd5 44. a5+ Kb7 45. g3 Be4 46. Bf2 Bf3 47. Kc5 Be4 48. a6+ Ka8 49. Bd4 Bf3 50. Be5 Be2 51. Bxc7 Bd3 52. Kb6 Be4 53. Ka5 Bd3 54. b6 Be4 55. b7+ Bxb7 56. axb7+ Kxb7 57. Be5 Kc6 58. Kb4 Kd5 59. Bb8 Kd4 60. Kb3 Kd3 61. Bc7 Kd4 62. Kc2 Kc4 63. Kd2 Kd4 64. Ke2 Ke4 65. Bd8 Kf5 66. Kf3 Ke5 67. Bc7+ Kf5 68. Bb8 Kg5 69. Bc7 Kf5 70. Bf4 g5 71. Bc7 g4+ 72. Ke3 Kg5 73. Ke4 f5+ 74. Ke3 f4+ 75. Bxf4+ Kf5 76. Bb8 Kg5 77. Ke4 Kf6 78. Kf4 1-0

[Event "Madrid-ch Previa-A"]
[Site "Madrid"]
[Date "2008.11.04"]
[Round "2"]
[White "Garcia Gonzalez, Pedro A"]
[Black "Garcia Gutierrez, Jose"]
[Result "0-1"]
[WhiteElo "1919"]
[BlackElo "2059"]
[PlyCount "84"]
[EventDate "2008.11.03"]
[EventType "swiss"]
[EventRounds "9"]
[EventCountry "ESP"]
[SourceTitle "CBM 127 Extra"]
[Source "ChessBase"]
[SourceDate "2009.01.08"]
[SourceVersion "2"]
[SourceVersionDate "2009.01.28"]
[SourceQuality "1"]

1. d4 d5 2. Nf3 c6 3. e3 Nf6 4. Bd3 Bg4 5. c4 Nbd7 6. Qb3 Bxf3 7. gxf3 Qc7 8. cxd5 cxd5 9. Nc3 e6 10. Bd2 Rc8 11. 0-0 Be7 12. Rac1 Qb8 13. f4 0-0 14. Kh1 a6 15. Rg1 b5 16. Ne2 Nb6 17. Rcf1 Nc4 18. Bc1 Ne4 19. Qd1 f5 20. Ng3 g6 21. f3 Nf6 22. e4 dxe4 23. fxe4 Kh8 24. b3 Nb6 25. exf5 exf5 26. h3 Qb7+ 27. Kh2 Qd5 28. Bb2 Bb4 29. Bb1 Bc3 30. Rg2 Rfd8 31. Bxc3 Rxc3 32. Ne2 Re3 33. Qd2 Rde8 34. Bd3 Nh5 35. Rgf2 Nd7 36. Rc1 Rf3 37. Rcf1 Rfe3 38. Rc1 Qd6 39. Rc2 Qe7 40. Ng1 Qh4 41. Rf3 Rxf3 42. Nxf3 Qg3+ 0-1

[Event "Madrid-ch sf-A"]
[Site "Madrid"]
[Date "2007.01.09"]
[Round "2"]
[White "Garcia Gonzalez, Pedro A"]
[Black "Algaba Traspuesto, Jose Antonio"]
[Result "1/2-1/2"]
[WhiteElo "2001"]
[BlackElo "1825"]
[PlyCount "42"]
[EventDate "2007.01.08"]
[EventType "swiss"]
[EventRounds "9"]
[EventCountry "ESP"]
[SourceTitle "EXT 2008"]
[Source "ChessBase"]
[SourceDate "2007.11.25"]
[SourceVersion "1"]
[SourceVersionDate "2007.11.25"]
[SourceQuality "1"]

1. e4 e6 2. d4 d5 3. Nc3 dxe4 4. Nxe4 Nd7 5. Nf3 Ngf6 6. Nxf6+ Nxf6 7. Bd3 c5 8. 0-0 cxd4 9. Nxd4 Bc5 10. Nb3 Bb6 11. Bg5 Bd7 12. Qe2 Bc6 13. Bc4 Qe7 14. Rad1 0-0 15. Nd4 Bxd4 16. Rxd4 h6 17. Bh4 Rad8 18. Rfd1 Rxd4 19. Rxd4 Rd8 20. Rxd8+ Qxd8 21. Bb3 Qd4 1/2-1/2